Sentino - King Sento - Statystyki

Ogólne statystyki
  • Ten quiz został rozwiązany 6 razy
  • Średni wynik to 7 z 11
Statystyki odpowiedzi
King Sento % Poprawnych
Ciroc
75%
La Linea
75%
Milioner
75%
Rio
75%
Różowy Pył
75%
Życie które znam
75%
Algeciras
50%
Kokaina
50%
R.2.K.
50%
Remy Martin
50%
Trucizna
25%
Nie znaleziono quizów pasujących do podanych kryteriów
Rozkład punktacji
Procent ludzi z każdym wynikiem
Percentyl według liczby udzielonych odpowiedzi
Twoja historia wyników
Nie rozwiązałeś tego quizu